Retail staff training (Record no. 80201)
[ view plain ]
| 000 -LEADER | |
|---|---|
| fixed length control field | 00649nam a2200157 a 4500 |
| 008 - FIXED-LENGTH DATA ELEMENTS--GENERAL INFORMATION | |
| fixed length control field | 120416s1970 ||||||||||||||||| || u |
| 050 ## - LIBRARY OF CONGRESS CALL NUMBER | |
| Classification number | HF 5549.5 Den |
| 100 ## - MAIN ENTRY--PERSONAL NAME | |
| Personal name | Denny, Elizabeth |
| 245 10 - TITLE STATEMENT | |
| Title | Retail staff training |
| 246 ## - | |
| -- | Denny Elizabeth |
| 260 ## - PUBLICATION, DISTRIBUTION, ETC. | |
| Place of publication, distribution, etc. | Estover, Plymouth |
| Name of publisher, distributor, etc. | Macdonald and Evans |
| Date of publication, distribution, etc. | 1970 |
| 300 ## - PHYSICAL DESCRIPTION | |
| Extent | 303p. |
| 350 ## - | |
| -- | 0.00 |
| 995 ## - | |
| -- | BINDERY (DAMAGED) |
| -- | 0.00 |
| -- | 006394 |
| -- | CBU-MAIN LIBRARY (Kitwe) |
| -- | 2 |
| -- | 0.00 |
| -- | HF 5549.5 Den |
| -- | DAMAGED |
| -- | 006394 |
| -- | Main Library Open Access Collection |
| 995 ## - | |
| -- | BINDERY (DAMAGED) |
| -- | 0.00 |
| -- | 006393 |
| -- | CBU-MAIN LIBRARY (Kitwe) |
| -- | 1 |
| -- | 0.00 |
| -- | HF 5549.5 Den |
| -- | DAMAGED |
| -- | 006393 |
| -- | Main Library Open Access Collection |
| 999 ## - | |
| -- | 80201 |
| -- | 80201 |
| Withdrawn status | Lost status | Source of classification or shelving scheme | Damaged status | Not for loan | Permanent Location | Current Location | Shelving location | Date acquired | Total Checkouts | Full call number | Barcode | Date last seen | Copy number | Price effective from | Koha item type |
|---|---|---|---|---|---|---|---|---|---|---|---|---|---|---|---|
| CBU-MAIN LIBRARY, KITWE. | CBU-MAIN LIBRARY, KITWE. | 06/29/2023 | HF 5549.5 Den | 006394 | 06/29/2023 | 1 | 06/29/2023 | MONOGRAPH | |||||||
| CBU-MAIN LIBRARY, KITWE. | CBU-MAIN LIBRARY, KITWE. | 06/29/2023 | HF 5549.5 Den | 006393 | 06/29/2023 | 2 | 06/29/2023 | MONOGRAPH |